The qualitative research experience

Bibliographic Details
Main Author: Padgett, Deborah (Author)
Format: Book
Published: Belmont, Calif. : Thomson-Brooks/Cole , c2004
Subjects:

MARC

LEADER 00000cam a2200000 7i4500
001 0000047653
005 20060719093000.0
008 041007s2004
020 |a 0534272541 
090 0 0 |a H62   |b .Q353 2004 
245 1 4 |a The qualitative research experience   |c Deborah K. Padgett, editor 
260 2 |a Belmont, Calif. :   |b Thomson-Brooks/Cole ,   |c c2004 
300 |a xxv, 333 p. ;   |c 24 cm. 
504 |a Includes bibliographical references and indexes 
650 0 |a Qualitative research 
650 0 |a Research   |x Methodology 
700 1 |a Padgett, Deborah ,   |e author 
999 |a 1000100195   |b Book   |c OPEN SHELF (30 DAYS)   |e Gong Badak Campus